Advance Trends in Aquaculture Practices / (Record no. 17278)

MARC details
000 -LEADER
fixed length control field 00662cam a2200217 a 4500
003 - CONTROL NUMBER IDENTIFIER
control field BD-DhSAU
005 - DATE AND TIME OF LATEST TRANSACTION
control field 20231108114427.0
008 - FIXED-LENGTH DATA ELEMENTS--GENERAL INFORMATION
fixed length control field 861024s2023ii a b 001 0 eng
020 ## - INTERNATIONAL STANDARD BOOK NUMBER
International Standard Book Number 9789354610790
040 ## - CATALOGING SOURCE
Original cataloging agency BD-DhSAU
082 ## - DEWEY DECIMAL CLASSIFICATION NUMBER
Edition number 22
Classification number 639.309
Item number Ad951
245 10 - TITLE STATEMENT
Title Advance Trends in Aquaculture Practices /
Statement of responsibility, etc. Edited by A. Balasubramanian and T.V. Ramana
260 ## - PUBLICATION, DISTRIBUTION, ETC. (IMPRINT)
Place of publication, distribution, etc. New Delhi :
Name of publisher, distributor, etc. Daya Publishing House,
Date of publication, distribution, etc. c2023
300 ## - PHYSICAL DESCRIPTION
Extent x, 214 p. :
Other physical details ill. ;
Dimensions 22cm.
504 ## - BIBLIOGRAPHY, ETC. NOTE
Bibliography, etc Include bibliographical references and index
590 ## - Name of Cataloguer
Name of Cataloger kobir
650 #0 - SUBJECT ADDED ENTRY--TOPICAL TERM
Topical term or geographic name as entry element Aquaculture Practices
700 ## - ADDED ENTRY--PERSONAL NAME
Personal name Balasubramanian, A
700 ## - ADDED ENTRY--PERSONAL NAME
Personal name Ramana, T.V.
942 ## - ADDED ENTRY ELEMENTS (KOHA)
Source of classification or shelving scheme Dewey Decimal Classification
Koha item type Book
Holdings
Withdrawn status Lost status Source of classification or shelving scheme Damaged status Not for loan Collection code Home library Branch Name Date acquired Cost, normal purchase price Total Checkouts Full call number Barcode Date last seen Price effective from Koha item type Public note
    Dewey Decimal Classification   Not For Loan Reference SAU Library SAU Library 21/06/2023 2513.00   639.309 Ad951 44832 08/11/2023 08/11/2023 Book Purchase